[Event "World Blitz 2023"]
[Site "Samarkand UZB"]
[Date "2023.12.30"]
[Round "12.1"]
[White "Nepomniachtchi, Ian"]
[Black "Carlsen, Magnus"]
[Result "1/2-1/2"]
[WhiteElo "2795"]
[BlackElo "2887"]
[EventDate "2023.12.29"]

1. e4 c6 2. d4 d5 3. Nc3 dxe4 4. Nxe4 Nf6 5. Nxf6+ exf6 6. Be3 Na6 7. a3
Bd6 8. Bd3 O-O 9. Ne2 Re8 10. O-O Bg4 11. Qd2 Nc7 12. c4 Bxe2 13. Bxe2 f5
14. c5 Be7 15. Bf3 Bf6 16. Rad1 Nd5 17. Bf4 Nxf4 18. Qxf4 Qe7 19. b4 g6 20.
d5 cxd5 21. Bxd5 Rad8 22. g3 Kg7 23. Qc4 h5 24. h4 Rd7 25. Kg2 Qe5 26. Bf3
Ree7 27. b5 Rd4 28. Rxd4 Qxd4 29. Qxd4 Bxd4 30. c6 bxc6 31. bxc6 Bb6 32.
Rd1 Kf6 33. a4 Re5 34. Rd7 Ke6 35. Bd1 Rc5 36. Bb3+ Ke5 37. Bxf7 1/2-1/2

[Event "World Blitz 2023"]
[Site "Samarkand UZB"]
[Date "2023.12.30"]
[Round "12.5"]
[White "Riazantsev, Alexander"]
[Black "Sarana, Alexey"]
[Result "1-0"]
[WhiteElo "2621"]
[BlackElo "2707"]
[EventDate "2023.12.29"]

1. d4 Nf6 2. c4 e6 3. Nc3 Bb4 4. e3 O-O 5. Bd3 d5 6. a3 dxc4 7. Bxc4 Bd6 8.
Nf3 Nc6 9. O-O e5 10. h3 a6 11. Qc2 h6 12. Rd1 Qe7 13. Nh4 Re8 14. Ng6 Qd7
15. dxe5 Nxe5 16. Nxe5 Rxe5 17. f4 Re8 18. e4 Qc6 19. Qb3 Be6 20. Bxe6 Rxe6
21. e5 Bc5+ 22. Kh2 Ne4 23. Nxe4 Qxe4 24. Qd3 Qxd3 25. Rxd3 a5 26. Bd2 Bf8
27. Bc3 b5 28. Rd7 Rc6 29. Rd5 Rc5 30. Rad1 b4 31. axb4 axb4 32. Rxc5 Bxc5
33. Be1 Bf8 34. Rc1 c5 35. Bf2 Ra5 36. b3 Be7 37. g3 Kf8 38. Kg2 Ke8 39.
Kf3 Kd7 40. Ke4 Kc6 41. Rd1 Ra2 42. Be3 Rh2 43. h4 Rg2 44. Ra1 Rxg3 45. Ra7
Bxh4 46. Rxf7 c4 47. bxc4 b3 48. Bd4 Bd8 49. Rf8 Bc7 50. e6 Bd6 51. Rc8+
Kb7 52. Rd8 Kc6 53. Rc8+ Kb7 54. Rd8 Kc7 55. Rd7+ Kc6 56. Rxg7 Rxg7 1-0

[Event "World Blitz 2023"]
[Site "Samarkand UZB"]
[Date "2023.12.30"]
[Round "12.7"]
[White "Yu, Yangyi"]
[Black "Tsydypov, Zhamsaran"]
[Result "1/2-1/2"]
[WhiteElo "2762"]
[BlackElo "2626"]
[EventDate "2023.12.29"]

1. e4 c6 2. d4 d5 3. e5 Bf5 4. Be3 e6 5. Nd2 Nd7 6. Ngf3 h6 7. Be2 Ne7 8.
O-O Bh7 9. Nb3 Nf5 10. Bd2 Be7 11. Bd3 O-O 12. a4 f6 13. Qe2 fxe5 14. Nxe5
Nxe5 15. Qxe5 Rf6 16. Qe2 Bd6 17. Rae1 Qc7 18. f4 Raf8 19. g3 b6 20. Bc3
1/2-1/2

[Event "World Blitz 2023"]
[Site "Samarkand UZB"]
[Date "2023.12.30"]
[Round "12.8"]
[White "Giri, Anish"]
[Black "Shimanov, Aleksandr"]
[Result "0-1"]
[WhiteElo "2731"]
[BlackElo "2611"]
[EventDate "2023.12.29"]

1. e4 e6 2. d4 d5 3. Nc3 Nf6 4. e5 Nfd7 5. f4 c5 6. Nf3 Nc6 7. Be3 Be7 8.
dxc5 Nxc5 9. a3 O-O 10. b4 Nd7 11. Bd3 f6 12. h4 fxe5 13. Bxh7+ Kxh7 14.
Ng5+ Kg8 15. Nxe6 Qe8 16. Nc7 Qf7 17. N3xd5 exf4 18. Bxf4 Nb6 19. Nxb6 Qxf4
20. Qd5+ Rf7 0-1

[Event "World Blitz 2023"]
[Site "Samarkand UZB"]
[Date "2023.12.30"]
[Round "12.9"]
[White "Sindarov, Javokhir"]
[Black "Svidler, Peter"]
[Result "1/2-1/2"]
[WhiteElo "2607"]
[BlackElo "2689"]
[EventDate "2023.12.29"]

1. e4 c5 2. Nf3 d6 3. d4 cxd4 4. Nxd4 Nf6 5. Bd3 Nc6 6. Be3 g6 7. h3 Bg7 8.
c4 Nd7 9. Be2 Qb6 10. Nb5 Nc5 11. N1c3 O-O 12. O-O a6 13. Nd5 Qd8 14. Nbc3
e6 15. Nf4 Bxc3 16. bxc3 Nxe4 17. Bf3 Nf6 18. Bxc6 bxc6 19. c5 d5 20. Nd3
Nd7 21. Bd4 f6 22. f4 a5 23. Re1 Re8 24. Qd2 Ba6 25. Nf2 e5 26. Be3 h5 27.
fxe5 Nxe5 28. Bd4 Qd7 29. Qf4 Qf5 30. Qxf5 gxf5 31. Rab1 Bb5 32. h4 a4 33.
Nh3 Nd3 34. Rf1 1/2-1/2

[Event "World Blitz 2023"]
[Site "Samarkand UZB"]
[Date "2023.12.30"]
[Round "12.10"]
[White "Sjugirov, Sanan"]
[Black "Salem, A.R. Saleh"]
[Result "1-0"]
[WhiteElo "2569"]
[BlackElo "2668"]
[EventDate "2023.12.29"]

1. e4 e5 2. Nf3 Nc6 3. Bb5 a6 4. Ba4 Nf6 5. O-O Be7 6. Re1 b5 7. Bb3 O-O 8.
a4 b4 9. d4 d6 10. dxe5 Nxe5 11. Nbd2 Bb7 12. Nxe5 dxe5 13. Qe2 a5 14. Qb5
Bc8 15. Nf3 Bd6 16. Qe2 h6 17. Bc4 Qe7 18. b3 Bb7 19. Bd3 Nd7 20. Nd2 Nc5
21. Nc4 Ne6 22. Be3 Qf6 23. Rad1 Rfd8 24. Qg4 Bc5 25. Qf5 Bxe3 26. Rxe3
Qxf5 27. exf5 Nf4 28. Rxe5 Bxg2 29. Rde1 Bd5 30. R1e3 Kf8 31. Kf1 Bg2+ 32.
Kg1 Bd5 33. f6 gxf6 34. Rf5 Nxd3 35. cxd3 Ra6 36. Rh5 Bxc4 37. dxc4 f5 38.
Rxf5 Rd7 39. Kg2 Kg7 40. Rg3+ Kf8 41. Rb5 Rdd6 42. Rb8+ Ke7 43. Re3+ Re6
44. Rxe6+ Kxe6 45. Rb5 Ke7 46. Kf3 Rf6+ 47. Ke2 Re6+ 48. Kd3 Rf6 49. Ke3
Re6+ 50. Kf4 Rf6+ 51. Rf5 Rd6 52. Ke3 Re6+ 53. Kd3 Rd6+ 54. Ke4 Rd2 55. Rf3
Rb2 56. Kd5 Rd2+ 57. Kc5 h5 58. Kb5 Rd8 59. Kxa5 c5 60. Kb6 Rc8 61. a5 Kd6
62. Rd3+ Ke5 63. Kb7 Rg8 64. a6 f5 1-0

[Event "World Blitz 2023"]
[Site "Samarkand UZB"]
[Date "2023.12.30"]
[Round "12.11"]
[White "Praggnanandhaa, R"]
[Black "Murzin, Volodar"]
[Result "0-1"]
[WhiteElo "2665"]
[BlackElo "2591"]
[EventDate "2023.12.29"]

1. e4 e5 2. Nf3 Nc6 3. Bb5 Nf6 4. Nc3 Bb4 5. O-O O-O 6. d3 Bxc3 7. bxc3 d6
8. Re1 Ne7 9. d4 c6 10. Bd3 Ng6 11. h3 Re8 12. Rb1 Qc7 13. Bg5 Nd7 14. h4
h6 15. h5 Ngf8 16. Bh4 Nh7 17. Bg3 Ndf6 18. Nh4 Ng5 19. f4 exf4 20. Bxf4
Bg4 21. Qc1 Nfxe4 22. c4 Re6 23. c5 Rae8 24. cxd6 Nxd6 25. Rxe6 Nxe6 26.
Bg3 Qe7 27. c3 b5 28. Qa3 Nc4 29. Qxe7 Rxe7 30. a4 a6 31. axb5 axb5 32. d5
cxd5 33. Rxb5 Rd7 34. Nf3 Bxh5 35. Bxc4 Bxf3 36. Bb3 Be4 37. Be5 Kh7 38.
Ra5 Kg6 39. Kf2 f6 40. Bg3 Ng5 41. Bf4 Nf7 42. Rb5 Ne5 43. g3 Nd3+ 44. Ke3
Nxf4 45. Kxf4 Rc7 46. c4 dxc4 47. Ba4 Bd3 48. Rb8 c3 49. Be8+ Kh7 0-1

[Event "World Blitz 2023"]
[Site "Samarkand UZB"]
[Date "2023.12.30"]
[Round "12.12"]
[White "Tabatabaei, M. Amin"]
[Black "Korobov, Anton"]
[Result "1-0"]
[WhiteElo "2573"]
[BlackElo "2649"]
[EventDate "2023.12.29"]

1. d4 Nf6 2. Nf3 b6 3. g3 Bb7 4. c4 e6 5. Bg2 Be7 6. O-O O-O 7. Re1 d5 8.
cxd5 exd5 9. Nc3 Nbd7 10. Bf4 a6 11. Rc1 Re8 12. e3 c5 13. Ne5 Nf8 14. dxc5
bxc5 15. Qb3 Ra7 16. Red1 c4 17. Qa4 Qa8 18. e4 dxe4 19. Be3 Rc8 20. Nxc4
Bc6 21. Qc2 Rb7 22. Nb6 Rxb6 23. Bxb6 Ne6 24. Be3 Rb8 25. Ne2 Bd5 26. Nd4
Ng4 27. Nc6 Bxc6 28. Qxc6 Nxe3 29. Qxa8 Rxa8 30. fxe3 f5 31. Rc6 Ng5 32. h4
Nf7 33. g4 g6 34. h5 Bg5 35. hxg6 Bxe3+ 36. Kf1 Ne5 37. gxh7+ Kh8 38. Rcd6
Nxg4 39. Rd8+ Rxd8 40. Rxd8+ Kxh7 41. Bh3 Nh6 42. Ke2 Bc1 43. b4 Ba3 44.
Rb8 Kg6 45. b5 axb5 46. Rxb5 Kg5 47. Ra5 Bb4 48. Ra8 Ng4 49. Rg8+ Kf4 50.
a4 Nf6 51. Rb8 Nd5 52. Rc8 Nc3+ 53. Kf1 Nd5 54. Rd8 Ke5 55. Ra8 f4 56. Re8+
Kd4 57. Rd8 Ke5 58. Re8+ Kd4 59. Be6 Ne3+ 60. Kf2 Bc5 61. a5 f3 62. a6 Ke5
63. Bb3+ Kf4 64. Rc8 Bd4 65. Rd8 Bb6 66. Rb8 Nd5+ 67. Ke1 Ba5+ 68. Kf1 e3
69. Rf8+ Kg3 70. Rxf3+ Kxf3 71. Bxd5+ 1-0

[Event "World Blitz 2023"]
[Site "Samarkand UZB"]
[Date "2023.12.30"]
[Round "12.13"]
[White "Muradli, Mahammad"]
[Black "Vidit, Santosh Gujrathi"]
[Result "1/2-1/2"]
[WhiteElo "2551"]
[BlackElo "2642"]
[EventDate "2023.12.29"]

1. d4 Nf6 2. c4 e6 3. Nf3 d5 4. g3 Be7 5. Bg2 O-O 6. O-O c5 7. cxd5 exd5 8.
Nc3 Nc6 9. Bg5 c4 10. e3 Be6 11. b3 Qa5 12. Bxf6 Bxf6 13. Rc1 Rac8 14. bxc4
dxc4 15. d5 Rfd8 16. Qe2 Bxd5 17. Nxd5 Rxd5 18. Qxc4 Rdd8 19. h4 h6 20.
Rfd1 Rxd1+ 21. Rxd1 Qc7 22. Qb3 Na5 23. Qa4 Rd8 24. Rxd8+ Qxd8 25. Bf1 a6
26. Qe4 Qe7 27. Qf5 Nc6 28. Bc4 Qd6 29. Qc8+ Nd8 30. Bb3 g6 31. Qc4 Kg7 32.
Qe4 b5 33. Qc2 Nb7 34. Nd2 Qc5 35. Qd3 Qd6 36. Qc2 Nc5 37. Ne4 Nxe4 38.
Qxe4 Qc7 39. Qd5 h5 40. Kg2 b4 41. Bc4 a5 42. Bb3 Bc3 43. e4 Qe7 44. f4 Kf8
45. e5 Qc7 46. Qa8+ Kg7 47. Qd5 Bb2 48. e6 fxe6 49. Qxe6 Bf6 50. Qg8+ Kh6
51. Qd5 Kg7 52. Qe4 Qe7 53. Qd3 Qb7+ 54. Kh2 Qe7 55. Bc2 Qf7 56. Bb3 Qe7
57. Qb5 Qc7 58. Qd5 Kh6 59. Qe6 Qe7 60. Qxe7 Bxe7 1/2-1/2

[Event "World Blitz 2023"]
[Site "Samarkand UZB"]
[Date "2023.12.30"]
[Round "12.14"]
[White "Narayanan, S L"]
[Black "Mamedov, Rauf"]
[Result "1/2-1/2"]
[WhiteElo "2564"]
[BlackElo "2635"]
[EventDate "2023.12.29"]

1. Nf3 c5 2. e4 g6 3. d4 cxd4 4. Qxd4 Nf6 5. Nc3 Nc6 6. Qa4 d6 7. e5 dxe5
8. Nxe5 Bg7 9. Bb5 O-O 10. Nxc6 bxc6 11. Bxc6 Bd7 12. O-O Rc8 13. Bxd7 Qxd7
14. Qxd7 Nxd7 15. Nd5 Rxc2 16. Nxe7+ Kh8 17. Be3 Rxb2 18. Rad1 Ne5 19. Bxa7
Rxa2 1/2-1/2

[Event "World Blitz 2023"]
[Site "Samarkand UZB"]
[Date "2023.12.30"]
[Round "12.15"]
[White "Van Foreest, Jorden"]
[Black "Makhnev, Denis"]
[Result "1/2-1/2"]
[WhiteElo "2664"]
[BlackElo "2528"]
[EventDate "2023.12.29"]

1. e4 e5 2. Nf3 Nc6 3. Bb5 a6 4. Ba4 Nf6 5. O-O Be7 6. d3 b5 7. Bb3 O-O 8.
a4 Bb7 9. Re1 d6 10. Nbd2 Na5 11. Ba2 c5 12. Nf1 bxa4 13. Bg5 Rb8 14. Ne3
Ne8 15. Bxe7 Qxe7 16. Qd2 Qd8 17. Bd5 Bxd5 18. Nxd5 Rxb2 19. Rxa4 Nc6 20.
Qc3 Rb7 21. Rxa6 Nb4 22. Nxb4 Rxb4 23. Rea1 Nc7 24. R6a2 Qb8 25. h3 Nb5 26.
Qd2 Nd4 27. Nxd4 cxd4 28. h4 Rb2 29. Kh2 h6 30. Qa5 Rc8 31. Rxb2 Qxb2 32.
Ra2 Qb1 33. Qd5 Qe1 34. Kg3 Qc1 35. Qxd6 Qf4+ 36. Kh3 Re8 37. Qd7 Re6 38.
Ra8+ Kh7 39. Qc8 h5 40. Qh8+ Kg6 41. Rg8 Qg4+ 42. Kh2 Qxh4+ 43. Kg1 Qf6 44.
Ra8 Rb6 45. Rb8 Rc6 46. Rc8 Qe6 47. Rg8 Qf6 48. Rc8 Qe6 49. Rg8 Qf6 50. Rc8
1/2-1/2

[Event "World Blitz 2023"]
[Site "Samarkand UZB"]
[Date "2023.12.30"]
[Round "12.16"]
[White "Yakubboev, Nodirbek"]
[Black "Caruana, Fabiano"]
[Result "0-1"]
[WhiteElo "2582"]
[BlackElo "2815"]
[EventDate "2023.12.29"]

1. c4 e5 2. Nc3 Nf6 3. e3 Bb4 4. Nge2 O-O 5. a3 Be7 6. d4 exd4 7. Qxd4 a5
8. b3 Na6 9. Nf4 Nc5 10. Qd1 d6 11. Be2 Bf5 12. g4 Be4 13. O-O Bc6 14. f3
Nfd7 15. e4 Bf6 16. Bb2 Be5 17. Ng2 Ne6 18. Rb1 Nf4 19. Nd5 Bxd5 20. cxd5
Qf6 21. Bc1 g5 22. Ne3 Bd4 23. Kh1 Bxe3 24. Bxe3 Ne5 25. Qd2 Kg7 26. Rbc1
Rac8 27. Bd1 Rh8 28. h4 h6 29. h5 c5 30. dxc6 bxc6 31. Qxa5 Ra8 32. Qd2
Rxa3 33. Rc3 Rha8 34. Bc2 c5 35. Kh2 Ra2 36. Kg3 Rb2 37. Bxf4 gxf4+ 38.
Qxf4 Qe7 39. Rb1 Rxb1 40. Bxb1 Ra1 41. Rc1 Qb7 42. Qe3 Qb4 43. g5 Ra8 44.
f4 Nc6 45. Qd3 Qd4 46. e5 Qxd3+ 47. Bxd3 Ra3 48. Be4 Rxb3+ 49. Kg4 Nd8 50.
exd6 Rb4 51. Kf5 Ne6 52. gxh6+ Kxh6 53. Ke5 Rd4 54. f5 Ng5 55. Bh1 f6+ 56.
Kxf6 Rxd6+ 57. Ke7 Rd2 58. Rxc5 Re2+ 59. Kf6 Nh7+ 60. Kf7 Ng5+ 61. Kf6 Nh7+
62. Kf7 Ng5+ 63. Kf8 Nh7+ 64. Kf7 Ng5+ 65. Kf8 Nh7+ 66. Kg8 Nf6+ 67. Kf7
Nh7 68. f6 Ng5+ 69. Kf8 Ne6+ 70. Kg8 Nxc5 71. f7 Nd7 72. Bc6 Nf6+ 73. Kh8
Nh7 74. Kg8 Rc2 75. Be8 Rg2+ 76. Kh8 Nf8 77. Bc6 Rg3 78. Be4 Kxh5 79. Bf5
Kh6 80. Bh7 Rg7 81. Bd3 Rxf7 82. Kg8 Rf2 0-1

[Event "World Blitz 2023"]
[Site "Samarkand UZB"]
[Date "2023.12.30"]
[Round "12.18"]
[White "Pantsulaia, Levan"]
[Black "Radjabov, Teimour"]
[Result "0-1"]
[WhiteElo "2579"]
[BlackElo "2664"]
[EventDate "2023.12.29"]

1. Nf3 d5 2. c4 e6 3. g3 Nf6 4. Bg2 Be7 5. O-O O-O 6. b3 c5 7. e3 b6 8. Bb2
Bb7 9. Nc3 Qc8 10. Qe2 Rd8 11. d4 Nbd7 12. Rac1 dxc4 13. bxc4 Ne4 14. Rfd1
Nxc3 15. Bxc3 Nf6 16. a4 Be4 17. Ne5 Qc7 18. Ba1 Bxg2 19. Kxg2 Rac8 20. d5
exd5 21. cxd5 Re8 22. Nc4 Qd7 23. e4 Rcd8 24. d6 Bf8 25. e5 Qxa4 26. Qf3
Nd7 27. Re1 b5 28. Nd2 c4 29. h4 h6 30. Qg4 Re6 31. Nf3 Qa6 32. Nd4 Qb7+
33. Kg1 Rg6 34. Qf4 Nc5 35. e6 fxe6 36. Nf3 Nd3 37. Qe3 Bxd6 38. h5 Rxg3+
39. fxg3 Bc5 40. Nd4 e5 41. Kh2 Nxe1 42. Qxe5 Bxd4 43. Qe6+ Kh8 44. Bxd4
Nf3+ 45. Kh3 Ng5+ 0-1

[Event "World Blitz 2023"]
[Site "Samarkand UZB"]
[Date "2023.12.30"]
[Round "12.20"]
[White "Maghsoodloo, Parham"]
[Black "Bharath, Subramaniyam H"]
[Result "1-0"]
[WhiteElo "2660"]
[BlackElo "2435"]
[EventDate "2023.12.29"]

1. c4 Nf6 2. Nc3 c5 3. Nf3 g6 4. g3 Bg7 5. Bg2 O-O 6. d4 cxd4 7. Nxd4 Nc6
8. O-O h5 9. e3 h4 10. b3 Nxd4 11. exd4 d6 12. Re1 Bg4 13. Qd2 Qd7 14. Bb2
Rfe8 15. d5 Nh7 16. Ne4 Bxb2 17. Qxb2 Bf5 18. Nd2 Ng5 19. Qd4 hxg3 20. hxg3
a5 21. Re2 Bh3 22. Qh4 Qg4 23. Qxg4 Bxg4 24. f3 Bf5 25. Rae1 Kf8 26. g4 Bd7
27. Kf2 a4 28. b4 a3 29. Kg3 Nh7 30. Re3 Ra4 31. b5 e6 32. dxe6 Rxe6 33. f4
b6 34. g5 Rb4 35. Bd5 Rxe3+ 36. Rxe3 Rb2 37. Ne4 Rxa2 38. c5 Ra1 39. cxb6
Bc8 40. Nxd6 a2 41. Bxa2 Rxa2 42. Re8+ Kg7 43. Rxc8 Ra3+ 44. Kf2 Ra2+ 45.
Ke1 Ra1+ 46. Kd2 Ra2+ 47. Kc1 Ra1+ 48. Kb2 Rd1 49. Ne8+ Kh8 50. Nf6+ Nf8
51. Rxf8+ Kg7 52. Rg8# 1-0

[Event "World Blitz 2023"]
[Site "Samarkand UZB"]
[Date "2023.12.30"]
[Round "12.21"]
[White "Sychev, Klementy"]
[Black "Aronian, Levon"]
[Result "0-1"]
[WhiteElo "2583"]
[BlackElo "2772"]
[EventDate "2023.12.29"]

1. e4 c5 2. Nf3 e6 3. c3 Nf6 4. e5 Nd5 5. a3 d6 6. d4 cxd4 7. c4 Nc7 8.
Qxd4 Nc6 9. Qc3 d5 10. Bg5 Be7 11. Bxe7 Qxe7 12. Bd3 O-O 13. Nbd2 Rd8 14.
O-O Bd7 15. b4 dxc4 16. Nxc4 Nd5 17. Qc2 h6 18. b5 Nb8 19. Nd6 a6 20. a4
Be8 21. Rab1 axb5 22. axb5 Nd7 23. Nxe8 Rxe8 24. Bh7+ Kh8 25. Be4 Rac8 26.
Qd2 Nc5 27. Bxd5 Rcd8 28. Rfd1 Rxd5 29. Qc2 Red8 30. Rxd5 Rxd5 31. h4 Qd7
32. Ra1 Qd8 33. h5 Kg8 34. Kh2 Nd7 35. Ra7 Nxe5 36. Qe4 Nxf3+ 37. Qxf3 Qb8+
0-1

[Event "World Blitz 2023"]
[Site "Samarkand UZB"]
[Date "2023.12.30"]
[Round "12.22"]
[White "Andreikin, Dmitry"]
[Black "Vasquez Schroeder, Rodrigo"]
[Result "1-0"]
[WhiteElo "2741"]
[BlackElo "2582"]
[EventDate "2023.12.29"]

1. Nf3 Nf6 2. c4 e6 3. d4 c5 4. Nc3 a6 5. e4 cxd4 6. Nxd4 Bb4 7. Qd3 d6 8.
Nc2 Bxc3+ 9. Qxc3 O-O 10. Bd3 Nc6 11. O-O d5 12. e5 d4 13. Nxd4 Nxe5 14.
Bc2 Ng6 15. Bg5 h6 16. Be3 e5 17. Ne2 Qc7 18. f4 Ng4 19. f5 Ne7 20. Rad1
Nf6 21. Ng3 Bd7 22. Qd2 Rfd8 23. Bxh6 Qxc4 1-0

[Event "World Blitz 2023"]
[Site "Samarkand UZB"]
[Date "2023.12.30"]
[Round "12.23"]
[White "Terry, Renato"]
[Black "Fedoseev, Vladimir"]
[Result "1-0"]
[WhiteElo "2578"]
[BlackElo "2719"]
[EventDate "2023.12.29"]

1. d4 Nf6 2. Bg5 b6 3. Bxf6 gxf6 4. e4 Bb7 5. Nd2 e6 6. Qh5 c5 7. d5 exd5
8. exd5 Qe7+ 9. Ne2 Qe5 10. Qxe5+ fxe5 11. c4 b5 12. Ng3 bxc4 13. Bxc4 Na6
14. Nde4 d6 15. Nf5 O-O-O 16. g4 Nc7 17. O-O-O Kb8 18. Rhg1 h5 19. g5 Bc8
20. Ne3 Be7 21. h4 Rhf8 22. Ng3 f5 23. Nxh5 Rh8 24. Ng7 Rxh4 25. Bd3 Rf4
26. Ngxf5 Bxf5 27. Nxf5 Re8 28. Bc2 e4 29. Nxe7 Rxe7 30. g6 Ne8 31. Rde1
Ng7 32. Rg3 Rxf2 33. Bxe4 Rf6 34. Rge3 Kc7 35. Bc2 Rxe3 36. Rxe3 Kd8 37.
Ra3 Rf1+ 38. Kd2 Rf2+ 39. Kd1 Nh5 40. Rxa7 Rg2 41. a4 Rg1+ 42. Kd2 Rg2+ 43.
Kc3 Nf4 44. Be4 Rg4 45. g7 Nh5 46. Ra8+ Kc7 47. g8=Q Rxg8 48. Rxg8 Nf6 49.
Rg7+ Kb6 50. Bf3 1-0

[Event "World Blitz 2023"]
[Site "Samarkand UZB"]
[Date "2023.12.30"]
[Round "12.24"]
[White "Sadhwani, Raunak"]
[Black "Tari, Aryan"]
[Result "1-0"]
[WhiteElo "2668"]
[BlackElo "2577"]
[EventDate "2023.12.29"]

1. e4 e5 2. Nf3 Nc6 3. Bb5 Nf6 4. d3 Bc5 5. Bxc6 dxc6 6. Nc3 Qe7 7. h3 h6
8. Be3 Bxe3 9. fxe3 Bd7 10. Qe2 O-O-O 11. O-O-O Kb8 12. Qf2 Bc8 13. Qg3 Nd7
14. Rhf1 g6 15. Kb1 Rhe8 16. Rf2 Nb6 17. Rdf1 a5 18. a3 a4 19. Ka1 Rd6 20.
Nd2 f5 21. Nf3 Rf8 22. Nxe5 Re8 23. Nxg6 Qg7 24. exf5 Bxf5 25. Rxf5 Rxg6
26. Qf4 Rxg2 27. Kb1 Qg3 28. Rf8 Rxf8 29. Qxf8+ Ka7 30. Qxh6 Rg1 31. Qf8
Qxe3 32. h4 Rg2 33. Qb4 Rg1 34. Qf8 Rg2 35. Qf5 Ka6 36. h5 Qd2 37. Rc1 Rh2
38. Qf7 Qg5 39. Qxc7 Qxh5 40. Ne4 Rh1 41. Qf4 Nd5 42. Qd2 Rxc1+ 43. Qxc1 b5
44. Qg1 Qf7 45. Nc5+ Ka5 46. Ne4 Ka6 47. Qc5 Qg6 48. Nd6 Ne7 49. Nxb5 cxb5
50. Qxe7 Qg1+ 51. Ka2 Qg8+ 52. Kb1 Qg1+ 53. Ka2 Qg8+ 54. c4 bxc4 55. Qd6+
Ka7 56. Qc5+ Kb7 57. Qb5+ 1-0

[Event "World Blitz 2023"]
[Site "Samarkand UZB"]
[Date "2023.12.30"]
[Round "12.1"]
[White "Adhiban, B."]
[Black "Smirnov, Anton"]
[Result "1/2-1/2"]
[WhiteElo "2576"]
[BlackElo "2647"]
[EventDate "2023.12.29"]

1. e4 e5 2. Nf3 Nf6 3. d4 Nxe4 4. dxe5 d5 5. Nbd2 Be7 6. Nxe4 dxe4 7. Qxd8+
Bxd8 8. Nd4 O-O 9. Bf4 Re8 10. O-O-O Nd7 11. e6 fxe6 12. Nb5 e5 13. Be3 Nf6
14. Rxd8 Rxd8 15. Nxc7 Bd7 16. Bc4+ Kh8 17. Nxa8 Rxa8 18. Rd1 Bc6 19. h3 h6
20. g4 a6 21. b3 Nh7 22. h4 Nf6 23. g5 Ng4 24. g6 h5 25. a4 b5 26. axb5
axb5 27. Bf7 Ra1+ 28. Kd2 Rxd1+ 29. Kxd1 Nh2 30. Bg5 Nf3 31. Be7 Nd4 32.
Kd2 Nf3+ 33. Kc3 Nd4 34. Kd2 Nf3+ 35. Kc1 Nd4 36. Kb2 Nf5 37. Bg5 Nd4 38.
Kc3 Nf3 39. Be7 Nd4 40. Bd8 Bd7 41. Kd2 Bc6 42. c3 Nf3+ 43. Ke3 Ne1 44. c4
bxc4 45. bxc4 Nf3 46. Bd5 Be8 47. Bxe4 Nh2 48. c5 Ng4+ 49. Ke2 Bb5+ 50. Ke1
Bd7 51. c6 Bc8 52. Be7 Nf6 53. Bxf6 gxf6 54. Bf3 Kg7 55. Bxh5 Kh6 56. Kd2
f5 57. Kc3 f4 58. c7 e4 59. Kd4 Bb7 60. Bg4 Kxg6 61. c8=Q Bxc8 62. Bxc8 e3
63. fxe3 fxe3 64. Bg4 Kg7 65. Kxe3 Kh8 66. Ke4 1/2-1/2

[Event "World Blitz 2023"]
[Site "Samarkand UZB"]
[Date "2023.12.30"]
[Round "12.3"]
[White "Fressinet, Laurent"]
[Black "Guseinov, Gadir"]
[Result "1/2-1/2"]
[WhiteElo "2636"]
[BlackElo "2563"]
[EventDate "2023.12.29"]

1. d4 Nf6 2. Nf3 g6 3. g3 Bg7 4. Bg2 O-O 5. O-O d6 6. Nc3 d5 7. Ne5 e6 8.
a4 c5 9. dxc5 Nfd7 10. Nd3 Na6 11. e4 d4 12. Nb5 Ndxc5 13. b3 Nxd3 14. cxd3
e5 15. Ba3 Re8 16. Nd6 Re7 17. Nxc8 Rxc8 18. Bxe7 Qxe7 19. Rc1 Rc3 20. Qd2
Rxb3 21. Rc8+ Bf8 22. f4 Nc5 23. fxe5 Rxd3 24. Qf4 Rc3 25. Bh3 Nd3 26. Qf6
Rxc8 27. Bxc8 Nxe5 28. Qxe7 Bxe7 29. Bxb7 d3 30. Rd1 Bb4 31. Ba6 d2 32. Kf2
Ng4+ 33. Ke2 Kg7 34. Rb1 Bc3 35. Bc4 h5 36. Ba2 a5 37. Rb7 Ne5 38. Bb3 Kf6
39. Rc7 Bb4 40. Rb7 Bc3 41. Rc7 Bb4 42. Rb7 Bc3 43. h3 Kg7 44. Rc7 Bb4 45.
Rb7 Bc3 46. Rc7 Bb4 47. Rb7 Bc3 48. Rc7 1/2-1/2

[Event "World Blitz 2023"]
[Site "Samarkand UZB"]
[Date "2023.12.30"]
[Round "12.4"]
[White "Sargsyan, Shant"]
[Black "Suleymanli, Aydin"]
[Result "1/2-1/2"]
[WhiteElo "2633"]
[BlackElo "2553"]
[EventDate "2023.12.29"]

1. d4 Nf6 2. c4 e6 3. Nf3 d5 4. Nc3 c5 5. cxd5 cxd4 6. Qxd4 exd5 7. e4 dxe4
8. Qxd8+ Kxd8 9. Ng5 Be6 10. a3 Nbd7 11. Ngxe4 Nxe4 12. Nxe4 h6 13. Bf4 g5
14. Bd2 Bg7 15. O-O-O Bb3 16. Bb5 Bxd1 17. Rxd1 Ne5 18. Ba5+ Kc8 19. Nd6+
Kb8 20. Ne8 a6 21. Bb6 Bf6 22. Ba4 Be7 23. Bc7+ Ka7 24. Bxe5 Rhxe8 25. Bd4+
b6 26. Bxe8 Rxe8 27. Re1 Rc8+ 28. Kb1 Bd6 29. h3 Kb7 30. Bg7 Rg8 31. Bf6
Rg6 32. Bc3 Bc5 33. f3 Kc6 34. Kc2 Kd5 35. Re5+ Kd6 36. Re8 Kd7 37. Re1 Re6
38. Rxe6 Kxe6 39. Kd3 h5 40. g4 hxg4 41. hxg4 Bg1 42. Ke4 Bf2 43. Bd2 f6
44. Bc3 b5 45. b3 Bc5 46. a4 Bb6 47. axb5 axb5 48. Bd4 Bc7 49. Bc5 Be5 50.
Be3 Bc3 51. Bc1 Bb4 52. Bb2 Bd6 53. Bc3 Bc5 54. Bd2 Bd6 55. Kd4 Be7 56. Ba5
Bd6 57. Bb6 Ba3 58. Bc5 Bb2+ 59. Ke4 Be5 60. Bb4 Bb2 61. Bd2 Be5 62. f4
gxf4 63. Bxf4 Bc3 64. Bc7 Bb2 65. Bb6 Be5 66. Bd4 Bd6 67. Bb2 Bc5 68. Bc1
Bd6 69. Kd4 Be7 70. Ke4 Bc5 71. Bb2 Bd6 1/2-1/2

[Event "World Blitz 2023"]
[Site "Samarkand UZB"]
[Date "2023.12.30"]
[Round "12.5"]
[White "Kovalev, Vladislav"]
[Black "Cheparinov, Ivan"]
[Result "1/2-1/2"]
[WhiteElo "2539"]
[BlackElo "2613"]
[EventDate "2023.12.29"]

1. e4 e5 2. Nf3 Nc6 3. Bb5 a6 4. Ba4 Nf6 5. O-O Be7 6. d3 b5 7. Bb3 d6 8.
a3 O-O 9. Nc3 Rb8 10. h3 Na5 11. Ba2 c5 12. Bg5 Be6 13. b4 Nc6 14. Bxf6
Bxf6 15. Nd5 cxb4 16. Nxb4 Nxb4 17. axb4 Bxa2 18. Rxa2 Rb6 19. Qa1 Qc8 20.
Qb2 d5 21. Re1 Qe6 22. Qb3 dxe4 23. Qxe6 Rxe6 24. Rxe4 Rc8 25. c4 bxc4 26.
dxc4 g6 27. Rae2 Rb8 28. Nxe5 Bxe5 29. Rxe5 Rxe5 30. Rxe5 1/2-1/2

[Event "World Blitz 2023"]
[Site "Samarkand UZB"]
[Date "2023.12.30"]
[Round "12.6"]
[White "Rakhmanov, Aleksandr"]
[Black "Dreev, Aleksey"]
[Result "1/2-1/2"]
[WhiteElo "2521"]
[BlackElo "2599"]
[EventDate "2023.12.29"]

1. d4 d5 2. c4 c6 3. cxd5 cxd5 4. Nf3 Nf6 5. Nc3 Nc6 6. Bf4 e6 7. e3 Be7 8.
Bd3 Nh5 9. Be5 O-O 10. h3 Nf6 11. Bg3 Bd7 12. O-O Qa5 13. Ne5 Rfc8 14. f4
Qd8 15. Bh4 Be8 16. Qb1 g6 17. Bf2 Nb4 18. Be2 Nd7 19. a3 Nc6 20. Qd3 a6
21. Rac1 Na5 22. Bf3 Nc4 23. Nxc4 Rxc4 24. g4 Rac8 25. f5 Nf6 26. fxe6 fxe6
27. Bg3 Bb5 28. Qd2 Rxc3 29. Rxc3 Bxf1 30. Kxf1 Rxc3 31. Qxc3 Ne4 32. Bxe4
dxe4 33. Qc4 Qd7 34. Kg2 Kf7 35. h4 Qb5 36. Qc2 Qc6 37. Qf2+ Ke8 38. Be5 a5
39. g5 a4 40. Qe2 b5 41. Bf4 b4 42. axb4 Bxb4 43. Be5 Be7 44. Bf4 Bb4 45.
Be5 Be7 1/2-1/2